Search the Library Catalogue
| 000 -LEADER | |
|---|---|
| fixed length control field | 00610nam a2200193Ia 4500 |
| 008 - FIXED-LENGTH DATA ELEMENTS--GENERAL INFORMATION | |
| fixed length control field | 191130s2007##################000#0#eng## |
| 020 ## - INTERNATIONAL STANDARD BOOK NUMBER | |
| ISBN | 084933991X |
| 082 ## - DEWEY DECIMAL CLASSIFICATION NUMBER | |
| Classification number | 617.51 |
| Item number | BAR |
| 100 ## - MAIN ENTRY--AUTHOR NAME | |
| Personal name | James N. Baraniuk, Dennis Shusterman |
| 245 ## - TITLE STATEMENT | |
| Title | Nonallergic rhinitis |
| Statement of responsibility, etc | [edited by] James N. Baraniuk, Dennis Shusterman |
| 260 ## - PUBLICATION, DISTRIBUTION, ETC. (IMPRINT) | |
| Place of publication | New York |
| Name of publisher | Informa Healthcare |
| Year of publication | c2007 |
| 300 ## - PHYSICAL DESCRIPTION | |
| Number of Pages | xviii, 481 p. : ill. ; 24 cm |
| 500 ## - GENERAL NOTE | |
| General note | Includes bibliographical references and index |
| 650 ## - SUBJECT ADDED ENTRY--TOPICAL TERM | |
| Topical Term | Rhinitis |
| 700 ## - ADDED ENTRY--PERSONAL NAME | |
| Personal name | Baraniuk, James N |
| Personal name | Shusterman, Dennis |
| 942 ## - ADDED ENTRY ELEMENTS (KOHA) | |
| Koha item type | English Books |
| Withdrawn status | Lost status | Damaged status | Not for loan | Home library | Current library | Shelving location | Date acquired | Full call number | Accession Number | Price effective from | Koha item type |
|---|---|---|---|---|---|---|---|---|---|---|---|
| Anna Centenary Library | Anna Centenary Library | 5TH FLOOR, B WING | 09.10.2020 | 617.51 BAR | 191374 | 09.10.2020 | English Books |